000 01060nam a2200241 i 4500
003 DO-SdBNP
005 20231103101206.0
006 a||||gr|||| 00| 0
007 ta
008 231102b200? |||ad||| |||| 00| 0 spa d
040 _aDO-SdBNP
_bspa
_cBNPHU
_erda
082 4 _222
_bC764c
100 1 _aContreras Nuñez, Carlos
_d1951-
_952572
_eautor
245 1 0 _aConsideraciones sobre presupuesto público:
_bproyecto de ingresos y Ley de gasto público, formulación, poder ejecutivo, aprobación, congreso nacional, cámara alta senadores, cámara baja diputados, ejecución, gobierno central e instituciones descentralizadas y autónomas , fiscalización, cámara de cuentas, /
_cCarlos Contreras Núñez
264 _aSanto Domingo :
_bSierra's Santo Domingo ;
_c[200?]
300 _a97 páginas ;
_c21 cm.
336 _2rdacontent
_atexto
_btxt
337 _2rdamedia
_asin mediación
_bn
338 _2rdacarrier
_avolumen
_bnc
500 _aIncluye datos biográficos del autor en la contracubierta.
590 _aInventariado 2023 / MF
942 _2ddc
_cLBS1
999 _c55381
_d55381